Leaders of the Cold War #3 - Statistics

General Stats
  • This quiz has been taken 18 times
  • The average score is 8 of 16
Answer Stats
Picture Answer % Correct
Kim Il-Sung
94%
Douglas MacArthur
88%
Ho Chi Minh
82%
Lyndon B. Johnson
82%
Robert Mugabe
65%
Deng Xiaoping
59%
Francisco Franco
59%
Manuel Noriega
59%
Jawaharlal Nehru
47%
Mohammad Reza Shah Pahlavi
47%
Hosni Mubarak
29%
David Ben-Gurion
24%
Francis Nguema
24%
Jorge Videla
24%
Syngman Rhee
24%
Imre Nagy
18%
No matching quizzes found
Score Distribution
Percent of People with Each Score
Percentile by Number Answered
Your Score History
You have not taken this quiz